Bratislavský hrad a Podhradie

Enregistré dans:
Détails bibliographiques
Auteur principal: Kemény, Lajos (Auteur)
Format: Livre
Publié: Bratislava : Albert Marenčin - Vydavateľstvo PT, 2008
Sujets:
Tags: Ajouter un tag
Pas de tags, Soyez le premier à ajouter un tag!

MARC

LEADER 00000nam a22000003a 4500
001 stu188224
005 20150617225603.7
008 090806s2008----------------------------d
020 |a 978-80-89218-68-4 
040 |a STU  |b slo 
041 0
100 1 |a Kemény, Lajos  |4 aut 
245 1 |a Bratislavský hrad a Podhradie 
260 |a Bratislava :  |b Albert Marenčin - Vydavateľstvo PT,  |c 2008 
300 |a 183 s 
650 7 |a hrad bratislavský  |2 stusub 
650 7 |a Podhradie  |2 stusub 
650 7 |a Bratislava  |2 stusub 
996 |b 284AU04290  |c A*6695 U  |l AAKNST  |s P  |a 0  |w stu188224_0001 
996 |b 284AU04291  |c A*6696 U  |l AAKNAR  |s A  |a 24  |w stu188224_0002